Newbery Medal Winners Quiz Stats

 Plays Quiz Updated Feb 28, 2021

Support Sporcle.
Go Orange.
Score 0/100 Timer 18:00
2 Plays Today
Year Book % Correct
1994The Giver
62.2%
1963A Wrinkle in Time
60.1%
1999Holes
57.8%
1990Number the Stars
45.1%
1961Island of the Blue Dolphins
41.2%
1978Bridge to Terabithia
35.4%
1991Maniac Magee
33.7%
1995Walk Two Moons
30.4%
2013The One and Only Ivan
29.6%
1968From the Mixed-Up Files of Mrs. Basil E. Frankweiler
29.2%
1992Shiloh
28.2%
1959The Witch of Blackbird Pond
28%
2000Bud, Not Buddy
27.8%
2009The Graveyard Book
27.3%
1997The View from Saturday
26.6%
2018Hello, Universe
26.3%
1979The Westing Game
26.1%
2015The Crossover
26%
1977Roll of Thunder, Hear My Cry
26%
2020New Kid
25.9%
1986Sarah, Plain and Tall
25.8%
2004The Tale of Despereaux: Being the Story of a Mouse, a Princess, Some Soup, and a Spool of Thread
25.8%
2017The Girl Who Drank the Moon
24.6%
1973Julie of the Wolves
24.4%
2016Last Stop on Market Street
23.4%
2014Flora & Ulysses: The Illuminated Adventures
23.2%
1981Jacob Have I Loved
23%
2012Dead End in Norvelt
22.9%
1984Dear Mr. Henshaw
22.7%
1944Johnny Tremain
21.1%
1987The Whipping Boy
20.9%
2003Crispin: The Cross of Lead
20.8%
1998Out of the Dust
20.7%
2021When You Trap a Tiger
20.4%
Year Book % Correct
1970Sounder
19.9%
1946Strawberry Girl
19.1%
1969The High King
19.1%
2002A Single Shard
19%
1983Dicey's Song
19%
2005Kira-Kira
18.5%
1936Caddie Woodlawn
18%
1972Mrs. Frisby and the Rats of NIMH
17.9%
1996The Midwife's Apprentice
17.8%
1971Summer of the Swans
17.7%
2001A Year Down Yonder
17.4%
2019Merci Suárez Changes Gears
16.9%
1976The Grey King
16.8%
1922The Story of Mankind
16.7%
1988Lincoln: A Photobiography
16.6%
1952Ginger Pye
16.2%
2006Criss Cross
16%
1962The Bronze Bow
15.5%
1964It's Like This, Cat
15.2%
2007The Higher Power of Lucky
15.1%
1974The Slave Dancer
15.1%
1930Hitty, Her First Hundred Years
15%
1945Rabbit Hill
15%
1993Missing May
15%
1960Onion John
14.9%
1941Call It Courage
14.7%
1948The Twenty-One Balloons
14.5%
1955The Wheel on the School
14.4%
1923The Voyages of Doctor Dolittle
14.3%
1937Roller Skates
14.1%
1985The Hero and the Crown
14.1%
1967Up a Road Slowly
14%
1950The Door in the Wall
13.9%
2008Good Masters! Sweet Ladies! Voices from a Medieval Village
13.5%
Year Book % Correct
1928Gay Neck, the Story of a Pigeon
13.2%
1949King of the Wind
12.7%
1954...And Now Miguel
12.7%
1924The Dark Frigate
12.5%
1989Joyful Noise: Poems for Two Voices
12.4%
1965Shadow of a Bull
12.4%
1966I, Juan de Pareja
12.3%
1940Daniel Boone
12%
1931The Cat Who Went to Heaven
12%
1929The Trumpeter of Krakow
11.9%
1958Rifles for Watie
11.9%
1927Smoky, the Cowhorse
11.9%
1939Thimble Summer
11.8%
1926Shen of the Sea
11.1%
1956Carry On, Mr. Bowditch
11.1%
1938The White Stag
11%
1942The Matchlock Gun
11%
2010When You Reach Me
11%
1980A Gathering of Days: A New England Girl's Journal, 1830-1832
10.9%
1975M. C. Higgins, the Great
10.7%
1943Adam of the Road
10.6%
2011Moon Over Manifest
10.7%
1953Secret of the Andes
10.6%
1935Dobry
10.5%
1934Invincible Louisa: The Story of the Author of Little Women
10.4%
1982A Visit to William Blake's Inn: Poems for Innocent and Experienced Travelers
10.3%
1947Miss Hickory
10%
1957Miracles on Maple Hill
10%
1925Tales from Silver Lands
9.9%
1951Amos Fortune, Free Man
9.6%
1932Waterless Mountain
9.2%
1933Young Fu of the Upper Yangtze
8.9%

From the Vault

R.E.M. Albums

by davidr

Music 5m
R.E.M. was pivotal in the creation and development of the alternative rock genre. Can you name their albums?
Remove Ads.
Support Sporcle.
Get the best of Sporcle when you Go Orange. This ad-free experience offers more features, more stats, and more fun while also helping to support Sporcle. Thank you for becoming a member.

Show Comments

Extras

Top Quizzes Today


Score Distribution

Your Account Isn't Verified!

In order to create a playlist on Sporcle, you need to verify the email address you used during registration. Go to your Sporcle Settings to finish the process.

Report this User

Report this user for behavior that violates our Community Guidelines.

Details: